000 00944nam a22001935i 4500
001 157278
003 ES-MaACL
005 20250809063528.0
008 950206s1869 fr |||| | fre d
040 _aCLM
100 1 _aLaurent, François,
_d1810-1887
_9128741
245 1 0 _aHistoire du droit des gens et des relations internationales.
_nXVI,
_pÉtudes sur l'histoire de l'Humanité : la réaction religieuse /
_cpar F. Laurent.
260 _aParis :
_bLibrairie internationale ;
_aBruxelles ;
_aLeipzig :
_bA. Lacroix, Verboeckhoven et Cie, ,
_c1869 (
_eBruxelles :
_fTyp. de A. Lacroix Verboeckhoven et Cie...)
300 _a630 p. ;
_c21 cm.
650 0 4 _aDerecho internacional-
_xHistoria.
_911719
852 _aES-MaACL
_jD-4581
_z-- Enc. hol.
_z-- El tit. de la port. corresponde a otra obra, aunque el pie de imp. y el contenido de la obra es correcto
852 _aES-MaACL
_jD-2826
_z-- Enc. hol.
999 _c157278
_d157278